The root causes of biodiversity loss / (Registro nro. 5674)

Detalles MARC
000 -CABECERA
Campo de control 00897cam a22002657i 4500
005 - FECHA Y HORA DE LA ULTIMA TRANSACCION
Campo de control 20160116050534.0
008 - ELEMENTOS DE LONGITUD FIJA—INFORMACION GENERAL
Campo de control 021129s2000 enkab b 001 0 eng d
015 ## - NATIONAL BIBLIOGRAPHY NUMBER
National bibliography number GBA0-Y0894
020 ## - ISBN
ISBN 1853836990
040 ## - FUENTE DE CATALOGACIÓN
Agencia catalogadora original UKM
Agencia transcriptora UKM
Agencia Modificadora C#P
-- AGL
-- WAU
-- KUT
-- DLC
-- CO-BoIAVH
041 ## - IDIOMA
Código de idioma para texto/pista de sonido o título separado Inglés
042 ## - AUTHENTICATION CODE
Authentication code pcc
082 04 - NUMERO DE CLASIFICACION DECIMAL DEWEY
Número de clasificación 333.95
Número del ítem R78r
245 04 - MENCION DE TITULO
Título The root causes of biodiversity loss /
Mención de responsabilidad edited by Alexander Wood, Pamela Stedman-Edwards, and Johanna Mang.
260 ## - PUBLICACION, DISTRIBUCION, ETC. (PIE DE IMPRENTA)
Lugar de publicación, distribución, etc. London ;
Nombre del editor, distribuidor, etc. WWF
Fecha de publicación, distribución, etc. 2000.
300 ## - DESCRIPCION FISICA
Extensión xvi, 399 p. :
Otros detalles físicos ill., maps ;
Dimensiones 24 cm.
650 14 - ASIENTO SECUNDARIO DE MATERIA - TERMINO TEMATICO
Término temático o nombre geográfico como elemento de entrada Degradación ambiental
9 (RLIN) 51809
650 24 - ASIENTO SECUNDARIO DE MATERIA - TERMINO TEMATICO
Término temático o nombre geográfico como elemento de entrada Diversidad biológica
9 (RLIN) 51810
650 #0 - ASIENTO SECUNDARIO DE MATERIA - TERMINO TEMATICO
Término temático o nombre geográfico como elemento de entrada Extinction (Biology)
9 (RLIN) 20456
700 1# - ASIENTO SECUNDARIO - NOMBRE PERSONAL
Nombre personal Wood, Alexander,
Término de relación editor.
9 (RLIN) 51811
700 1# - ASIENTO SECUNDARIO - NOMBRE PERSONAL
Nombre personal Stedman-Edwards, Pamela,
Término de relación editor.
9 (RLIN) 19781
700 1# - ASIENTO SECUNDARIO - NOMBRE PERSONAL
Nombre personal Mang, Johanna,
Término de relación editor.
9 (RLIN) 51812
710 2# - ASIENTO SECUNDARIO - NOMBRE CORPORATIVO
Nombre corporativo o de jurisdicción como elemento de entrada World Wide Fund for Nature
9 (RLIN) 23805
942 ## - ELEMENTOS ADICIONALES (KOHA)
Sistema de clasificación Dewey Decimal Classification
Tipo de ítem Libro
Existencias
Withdrawn status Lost status Sistema de Clasificación Damaged status No para préstamo Colección Inventariado Ubicación Permanente Ubicación actual Fecha de adquisición Fuente de Valor Valor Total Checkouts Número topográfico Inventario / Código de Barras Date last seen Ejemplar Price effective from Forma de adquisición Tipo de material
    Dewey Decimal Classification     General Inventariado 2017 Bogotá Bogotá 11/07/2007 Instituto 39000.00   LB-333.95 R78r 024727 04/12/2012 Ej.1 04/12/2012 Compra Libro